Normal view MARC view

Entry Personal Name

Number of records used in: 1

001 - CONTROL NUMBER

  • control field: 1526

003 - CONTROL NUMBER IDENTIFIER

  • control field: dpl

005 - DATE AND TIME OF LATEST TRANSACTION

  • control field: 20100726151433.0

008 - FIXED-LENGTH DATA ELEMENTS

  • fixed length control field: 100726|||a|||||| | ||| d

040 ## - CATALOGING SOURCE

  • Original cataloging agency: dpl
  • Transcribing agency: dpl

100 ## - HEADING--PERSONAL NAME

  • Personal name: Sunder, Prem

670 ## - SOURCE DATA FOUND

  • Source citation: Work cat.: (dpl): Sunder, Prem, Teaching of botany /, 2010

670 ## - SOURCE DATA FOUND

  • Source citation: Work cat.: (dpl): Sunder, Prem, Teaching of botany /, 2010

© Delhi Public Library
Hit Counter
free hit counter